[Event "GER-chT Lands U20"]
[Site "Hannover"]
[Date "2023.10.01"]
[Round "1"]
[White "Haug, Mara"]
[Black "Chandrasekher, Ritu"]
[Result "0-1"]
[WhiteElo "1694"]
[BlackElo "1344"]
[PlyCount "72"]
[EventDate "2023.10.01"]
[EventType "team-swiss"]
[EventRounds "7"]
[EventCountry "GER"]
[SourceTitle "EXT 2024"]
[Source "ChessBase"]
[SourceDate "2023.10.10"]
[SourceVersion "1"]
[SourceVersionDate "2023.10.10"]
[SourceQuality "1"]

1. e4 c6 2. Nf3 d5 3. Nc3 dxe4 4. Nxe4 Nf6 5. Qe2 Nxe4 6. Qxe4 Qa5 7. Bc4 Bf5 8. Qf4 e6 9. Bb3 Bc5 10. 0-0 0-0 11. Nh4 Bg6 12. Nxg6 hxg6 13. d4 Bb6 14. c3 Nd7 15. Qg3 Nf6 16. Bc2 Rad8 17. Bg5 Rd5 18. b4 Qa6 19. Rfe1 Nh5 20. Qh4 Qb5 21. a4 Qc4 22. Re3 e5 23. g4 exd4 24. gxh5 Rxg5+ 25. Qxg5 dxe3 26. hxg6 exf2+ 27. Kg2 fxg6 28. Rf1 Qxc3 29. Bd1 Qd3 30. Qe7 Qd5+ 31. Kg3 Bd8 32. Qe3 Bc7+ 33. Kh4 Rf4+ 34. Kh3 Qf5+ 35. Kg2 Qg5+ 36. Kh1 Qh4 0-1

[Event "GER-ch U12 Girls"]
[Site "Willingen"]
[Date "2022.06.10"]
[Round "8"]
[White "Neininger, Sarah"]
[Black "Chandrasekher, Ritu"]
[Result "1-0"]
[WhiteElo "1429"]
[BlackElo "1312"]
[PlyCount "51"]
[EventDate "2022.06.04"]
[EventType "swiss"]
[EventRounds "9"]
[EventCountry "GER"]
[SourceTitle "CBM 208 Extra"]
[Source "ChessBase"]
[SourceDate "2022.07.31"]
[SourceVersion "1"]
[SourceVersionDate "2022.07.31"]
[SourceQuality "1"]

1. e4 e5 2. Nf3 Nc6 3. Bc4 Bc5 4. c3 Nf6 5. d4 exd4 6. cxd4 Bb4+ 7. Nc3 Nxe4 8. 0-0 Bxc3 9. d5 Bf6 10. Re1 Ne7 11. Rxe4 d6 12. Bg5 Bxg5 13. Nxg5 h6 14. Qh5 g6 15. Qh4 f6 16. Bb5+ Kf8 17. Ne6+ Bxe6 18. Qxf6+ Bf7 19. Qxh8+ Ng8 20. Rf4 Qg5 21. g3 Qxd5 22. Bc4 Qxc4 23. Rxc4 Bxc4 24. Rc1 Bd5 25. Rxc7 Re8 26. Qg7# 1-0

[Event "GER-ch U12 Girls"]
[Site "Willingen"]
[Date "2022.06.09"]
[Round "7"]
[White "Chandrasekher, Ritu"]
[Black "Halas, Neele Zoe"]
[Result "0-1"]
[WhiteElo "1312"]
[BlackElo "1415"]
[PlyCount "116"]
[EventDate "2022.06.04"]
[EventType "swiss"]
[EventRounds "9"]
[EventCountry "GER"]
[SourceTitle "CBM 208 Extra"]
[Source "ChessBase"]
[SourceDate "2022.07.31"]
[SourceVersion "1"]
[SourceVersionDate "2022.07.31"]
[SourceQuality "1"]

1. e4 e6 2. d4 d5 3. e5 c5 4. c3 Qb6 5. Nf3 Bd7 6. Be2 cxd4 7. cxd4 Bb5 8. 0-0 Bxe2 9. Qxe2 Nc6 10. Be3 Nge7 11. Nc3 Nf5 12. a3 Be7 13. Rad1 0-0 14. b4 a5 15. b5 Na7 16. a4 Rac8 17. Qb2 Rc7 18. Ne2 Rfc8 19. Rc1 Bb4 20. Rfd1 Nxe3 21. fxe3 Rc4 22. Rxc4 Rxc4 23. Rc1 Qc7 24. Rxc4 Qxc4 25. Kf2 Nc8 26. Qc1 Qxc1 27. Nxc1 Nb6 28. Nd3 Nxa4 29. Nxb4 axb4 30. Nd2 Nc3 31. b6 Na4 32. Ke1 Nxb6 33. Kd1 Nc4 34. Nxc4 dxc4 35. e4 f6 36. exf6 gxf6 37. g4 h6 38. h4 Kf7 39. h5 f5 40. exf5 exf5 41. gxf5 Kf6 42. d5 Kxf5 43. d6 Ke6 44. d7 Kxd7 45. Kc2 Kd6 46. Kb2 c3+ 47. Kb3 Kd5 48. Kc2 Kc4 49. Kc1 b3 50. Kb1 Kd3 51. Kc1 b2+ 52. Kb1 c2+ 53. Kxb2 Kd2 54. Ka2 c1Q 55. Kb3 Qc3+ 56. Ka4 Qb2 57. Ka5 Kc3 58. Ka4 Qb4# 0-1